000 00249nam a22000857a 4500
008 161126b xxu||||| |||| 00| 0 eng d
100 _91457
_aYoung Learners
245 _aGoldi locks and the three Bea
260 _aNew Delhi
_bYoung Learners publication
_c2011
999 _c4179
_d4179